| 000 | 00000nas 2200000zi 4500 |
| 001 | 9.930966 |
| 003 | CaOODSP |
| 005 | 20240131153652 |
| 006 | m o d f |
| 007 | cr ||||||||||| |
| 008 | 231129d19841986sncar p o f0###a0eng|d |
| 040 | |aCaOODSP|beng|erda|cCaOODSP |
| 043 | |an-cn--- |
| 086 | 1 |aEn38-24E-PDF |
| 110 | 1 |aCanada. |bInland Waters Directorate. |bWestern and Northern Region, |eauthor,|eissuing body. |
| 245 | 10|aAnnual report / |cInland Waters Directorate, Western and Northern Region. |
| 264 | 1|a[Regina, Sask.] : |bEnvironment Canada, Inland Waters Directorate, Western and Northern Region, |c1984-1986. |
| 310 | |aAnnual |
| 336 | |atext|btxt|2rdacontent |
| 337 | |acomputer|bc|2rdamedia |
| 338 | |aonline resource|bcr|2rdacarrier |
| 362 | 1 |aBegan with: 1983/84; ceased with: 1985/86. |
| 500 | |aDigitized edition from print [produced by Environment and Climate Change Canada]. |
| 588 | |aDescription based on: 1983/84. |
| 588 | |aLatest issue consulted: 1985/86. |
| 610 | 10|aCanada. |bInland Waters Directorate. |bWestern and Northern Region.|vPeriodicals. |
| 610 | 16|aCanada. |bDirection générale des eaux intérieures. |bRégion de l'Ouest et du Nord.|vPériodiques. |
| 650 | 0|aWater resources development|zCanada|vPeriodicals. |
| 650 | 0|aWater conservation|zCanada|vPeriodicals. |
| 650 | 6|aRessources en eau|xExploitation|zCanada|vPériodiques. |
| 650 | 6|aEau|xConservation|zCanada|vPériodiques. |
| 655 | 7|aPeriodicals|2lcgft |
| 655 | 7|aPériodiques|2rvmgf |